000 01177cam a22001935a 4500
001 L150211
008 100614e2010 xxk 000 0 eng d
035 _a(Sirsi) u150211
041 0 _aeng
110 2 _aProperty Week
_91549
245 0 0 _aAgency 2010 from bad to worse
490 0 _aProperty Week
_v76(22) 4 June 2010, 32-35(4)
520 _aThe 2010 agency league tables show firms are still finding the going tough. Last year's combined turnover of Britain's top 57 property services firms fell by £150m, £400m lower than 2008. Revenue across the board declined by 5.6% with firms seeking to increase their professional and public sector work. Niche agencies remain capable of generating big fees per head. The top 57 firms reduced their workforce by 6%. Rankings are presented for top property services firms by UK turnover, by UK turnover per fee earner, top global property services firms by worldwide turnover, and top European firms by European turnover. '
590 _aNTK KA
651 4 _aInternational
690 _aPROPERTY-COMMERCIAL PROPERTY-COMMERCIAL PROPERTY AGENCY
690 _aPROPERTY-COMMERCIAL PROPERTY-COMMERCIAL PROPERTY MARKET
942 _n0
999 _c82421
_d82421